Statistics for Countries With Four Letters

Click here to take the quiz!

General Stats

  • This quiz has been taken 60 times
  • The average score is 8 of 10

Answer Stats

Answer% Correct
Oman
93%
Mali
88%
Fiji
86%
Peru
86%
Togo
86%
Chad
84%
Iran
83%
Iraq
83%
Laos
76%
Cuba
69%

Score Distribution

Percentile by Number Answered

Percent of People with Each Score

Your Score History

You have not taken this quiz